Culture shock

Bibliographic Details
Format: Book

MARC

LEADER 00000cam a2200000 7i4500
001 0000008554
002 000009323
005 20000330.0
020 |a 9971653419 
090 0 0 |a 303.482   |b CRA 
245 1 0 |a Culture shock 
999 |a 0013719   |b BUKU   |c PINJAMAN   |e PERPUSTAKAAN KOMUNITI PETALING JAYA